Basic Business Logistics 2 Transportation, Materials Management, Physical Distribution
Saved in:
| Main Author: | |
|---|---|
| Format: | Book |
| Language: | English |
| Published: |
Englewood Cliffs
Prentice-Hall
1987
|
| Edition: | 2. ed. |
| Tags: |
No Tags, Be the first to tag this record!
|
MARC
| LEADER | 00000nam a2200000 4500 | ||
|---|---|---|---|
| 001 | c027853 | ||
| 005 | 20221219115517.4 | ||
| 041 | 0 | |a eng | |
| 044 | |a GB | ||
| 245 | 1 | 0 | |a Basic Business Logistics 2 |b Transportation, Materials Management, Physical Distribution |c Ronald H. Ballou |
| 250 | |a 2. ed. | ||
| 264 | 1 | |a Englewood Cliffs |b Prentice-Hall |c 1987 | |
| 300 | |a S.297-438 | ||
| 100 | 1 | |a Ballou, Ronald H. | |